[Event "TCh-ROU w 2013"]
[Site "Mamaia ROU"]
[Date "2013.09.06"]
[Round "7.4"]
[White "Foisor,M"]
[Black "Firaru,R"]
[Result "1-0"]
[WhiteElo "2212"]
[BlackElo "1684"]

1.d4 d5 2.c4 c6 3.e3 Nf6 4.Nc3 e6 5.Nf3 Be7 6.Qc2 O-O 7.Be2 Nbd7 8.O-O c5
9.cxd5 exd5 10.Rd1 c4 11.b3 cxb3 12.Qxb3 Nb6 13.a4 a5 14.Ba3 Bxa3 15.Qxa3 Bd7
16.Ne5 Rc8 17.Rdc1 Bc6 18.Rab1 Nfd7 19.Nxc6 bxc6 20.Ba6 Rb8 21.Ne2 Qc7 22.Bb5 Nc4
23.Bxc4 dxc4 24.Rxb8 Rxb8 25.Rxc4 Nb6 26.Rc1 Nd5 27.e4 Nb4 28.Qg3 Qxg3 29.hxg3 Kf8
30.f3 Ke7 31.Rc5 Ra8 32.Nc1 Kd6 33.Nb3 Nd3 34.Rxa5 Rb8 35.Nc5 Rb1+ 36.Kh2 Nf2
37.g4 Rb2 38.e5+  1-0

[Event "10th LGA Premium Cup GpC"]
[Site "Nuernberg GER"]
[Date "2013.09.06"]
[Round "3.4"]
[White "Zude,E"]
[Black "Heinzel,O"]
[Result "1/2-1/2"]
[WhiteElo "2377"]
[BlackElo "2374"]

1.d4 d5 2.c4 c6 3.Nc3 Nf6 4.e3 e6 5.Nf3 Nbd7 6.Bd3 Bd6 7.O-O O-O 8.e4 dxe4
9.Nxe4 Nxe4 10.Bxe4 f5 11.Bc2 e5 12.c5 Be7 13.Nxe5 Nxe5 14.dxe5 Bxc5 15.Bb3+ Kh8
16.Qxd8 Rxd8 17.Re1 h6 18.h4 Bd7 19.Be3 Be7 20.Red1 Bxh4 21.Rd4 Be7 22.Rad1 Be8
23.Rxd8 Rxd8 24.Rxd8 Bxd8 25.Bxa7 Bc7 26.f4 b6 27.Be6 g6 28.a4 Kg7 29.a5 bxa5
30.Bc5 Bd8 31.g3 Bf7 32.Bd7 Bd5 33.e6 Kf6 34.Bd4+ Ke7 35.Bc5+ Kf6  1/2-1/2

[Event "17th Cesenatico Open"]
[Site "Cesenatico ITA"]
[Date "2013.09.07"]
[Round "8.7"]
[White "De Santis,A"]
[Black "Di Trapani,D"]
[Result "1-0"]
[WhiteElo "2289"]
[BlackElo "2130"]

1.d4 d5 2.c4 c6 3.Nc3 Nf6 4.e3 e6 5.Nf3 Nbd7 6.Bd3 dxc4 7.Bxc4 b5 8.Bd3 a6
9.e4 c5 10.d5 Qc7 11.dxe6 fxe6 12.O-O Bb7 13.Ng5 Qc6 14.Qe2 h6 15.Nf3 O-O-O
16.Bf4 b4 17.Nb1 Nxe4 18.a3 b3 19.Re1 Ng5 20.Nbd2 Nxf3+ 21.gxf3 Nf6 22.Nc4 Nd5
23.Bg3 Nc7 24.Be4 Qb5 25.a4 Qe8 26.Ra3 Bxe4 27.Qxe4 Rd4 28.Nb6+ Kd8 29.Qb7 Qe7
30.Qc8+  1-0

[Event "Satka Autumn 2013"]
[Site "Satka RUS"]
[Date "2013.09.07"]
[Round "5"]
[White "Schepetkova,M"]
[Black "Mirzoeva,E"]
[Result "1-0"]
[WhiteElo "2215"]
[BlackElo "2215"]

1.d4 d5 2.c4 e6 3.Nc3 c6 4.e3 Nf6 5.Nf3 Nbd7 6.Bd3 dxc4 7.Bxc4 b5 8.Bd3 Bb7
9.e4 b4 10.Na4 c5 11.e5 Nd5 12.O-O cxd4 13.Re1 Be7 14.Nxd4 O-O 15.Qg4 Re8
16.Bb5 Kh8 17.Bd2 Rc8 18.Qe2 Bg5 19.Bxd7 Qxd7 20.Bxg5 Qxa4 21.Qh5 Qd7 22.Rad1 f6
23.exf6 gxf6 24.Bh6 Rg8 25.f3 Rce8 26.Qh3 Bc8 27.Qh4 Qf7 28.Rd2 Rg6 29.Ne2 Reg8
30.Nf4 Nxf4 31.Bxf4 Bb7 32.Bg3 a5 33.Rc1 e5 34.Qc4 Qg7 35.Rcc2 f5 36.Qc7 f4
37.Rd7 Qh6 38.Qxe5+ Rf6 39.Rcc7 fxg3 40.Qxf6+  1-0

[Event "TCh-SUI 2013"]
[Site "Switzerland SUI"]
[Date "2013.09.08"]
[Round "7.7"]
[White "Pedrini,P"]
[Black "Bous,F"]
[Result "1-0"]
[WhiteElo "1969"]
[BlackElo "2077"]

1.d4 d5 2.c4 c6 3.Nc3 Nf6 4.Nf3 e6 5.e3 Nbd7 6.Qc2 Bd6 7.Bd3 O-O 8.O-O Re8
9.Rd1 Qe7 10.e4 e5 11.cxd5 cxd5 12.Bg5 h6 13.Nxd5 Qe6 14.Bxf6 gxf6 15.Nc7 Bxc7
16.Qxc7 Nb6 17.d5 Qg4 18.h3 Qf4 19.Qc1 Qxc1 20.Raxc1 f5 21.Bb5 Bd7 22.Bxd7 Nxd7
23.exf5 e4 24.Nh4 Rac8 25.g4 Nf6 26.Rxc8 Rxc8 27.Ng2 Rc2 28.d6 Nd7 29.b4 Rxa2
30.Rd4 Kg7 31.Ne3 Kf6 32.Rxe4 Rd2 33.Nc4 Rd1+ 34.Kg2 b5 35.Re7 bxc4 36.Rxd7 a6
37.Rc7 Rd4 38.Rc6 Ke5 39.d7 Rxd7 40.Rxc4 Rd6 41.Kg3 Rb6 42.f3 Rd6 43.h4 Rb6
44.Re4+ Kf6 45.Kf4 Rb5 46.g5+ hxg5+ 47.hxg5+ Kg7 48.Kg4 Rd5 49.Rc4 Rb5 50.Rf4 Rb8
51.Rd4 Rb5 52.f4 a5 53.bxa5 Rxa5 54.Rd8 Ra1 55.f6+ Kh7 56.Rf8 Rg1+ 57.Kf3 Kg6
58.Kf2 Ra1 59.Kf3 Rf1+ 60.Ke3 Re1+ 61.Kf2 Ra1 62.Re8 Kf5 63.Re3 Ra4 64.Rf3 Kg4
65.Kg2 Ra2+ 66.Rf2 Ra3 67.Kf1 Kg3 68.Rg2+ Kh3 69.g6 Ra1+ 70.Kf2 Ra2+ 71.Kf3 Ra3+
72.Ke4 Ra4+ 73.Ke5 Kxg2 74.gxf7 Ra8 75.Ke6 Kg3 76.Ke7 Ra7+ 77.Kf8 Ra8+ 78.Kg7 Ra7
79.Kg8  1-0

[Event "ch-Vienna State 2013"]
[Site "Vienna AUT"]
[Date "2013.09.09"]
[Round "3.1"]
[White "Ganaus,H"]
[Black "Stanec,N"]
[Result "1/2-1/2"]
[WhiteElo "2280"]
[BlackElo "2506"]

1.d4 d5 2.c4 e6 3.Nf3 Nf6 4.Nc3 c6 5.e3 Nbd7 6.Qc2 a6 7.Bd2 Be7 8.g4 dxc4
9.Bxc4 Nd5 10.a3 b5 11.Be2 Bb7 12.Ne4 N5f6 13.Nc5 Nxc5 14.dxc5 Nd7 15.b4 a5
16.Qb2 Bf6 17.Bc3 axb4 18.axb4 Bxc3+ 19.Qxc3 Rxa1+ 20.Qxa1 O-O 21.O-O Qc7
22.Rd1 Nf6 23.Qd4 Nd5 24.Bd3 f5 25.g5 Qf7 26.Be2 Qh5 27.Kh1 Bc8 28.Rg1 Re8
29.Bd1 Qf7 30.Ne5 Qc7 31.f4 Rd8 32.Bf3 Ne7 33.Qa1 Ng6 34.Rd1 Rxd1+ 35.Qxd1 Nxe5
36.fxe5 Bd7 37.Qd6 Qc8 38.Kg2 Qe8 39.h4 h6 40.Kg3 hxg5 41.hxg5 g6 42.e4 f4+
43.Kf2 Kf7 44.Qd2 Kg8 45.Qxf4 Qf7 46.Qf6 Qxf6 47.gxf6 Kf7 48.Kg3 Bc8 49.Kf4 Bd7
50.Kg5 Bc8  1/2-1/2

[Event "FSIM Sept 2013"]
[Site "Budapest HUN"]
[Date "2013.09.11"]
[Round "5.1"]
[White "Kojima,S"]
[Black "Blazeka,M"]
[Result "0-1"]
[WhiteElo "2357"]
[BlackElo "2312"]

1.Nf3 d5 2.d4 Nf6 3.c4 c6 4.Nc3 e6 5.e3 Nbd7 6.Qc2 b6 7.Bd3 Bb7 8.O-O Be7
9.Rd1 Qc7 10.b3 O-O 11.Bb2 Rac8 12.Rac1 h6 13.Qe2 Qb8 14.e4 dxe4 15.Nxe4 c5
16.Ne5 Bxe4 17.Nxd7 Bxd3 18.Nxf6+ Bxf6 19.Rxd3 Rfd8 20.Rcd1 b5 21.dxc5 Rxd3
22.Rxd3 bxc4 23.Re3 Bxb2 24.Qxb2 Rxc5 25.Rg3 c3 26.Qc2 Qd6 27.Rd3 Qxd3  0-1

[Event "US Chess League 2013"]
[Site "chess.com INT"]
[Date "2013.09.11"]
[Round "3"]
[White "Pruess,D"]
[Black "Mo,Kevin"]
[Result "1-0"]
[WhiteElo "2363"]
[BlackElo "2269"]

1.d4 d5 2.c4 c6 3.Nc3 Nf6 4.Nf3 e6 5.e3 Nbd7 6.Qc2 Bd6 7.Be2 O-O 8.O-O dxc4
9.Bxc4 b5 10.Be2 Bb7 11.Rd1 Qc7 12.e4 e5 13.Bg5 Rfe8 14.Rac1 Rac8 15.Qd3 Qa5
16.dxe5 Bxe5 17.Nxe5 Nxe5 18.Qg3 Ng6 19.Bxf6 gxf6 20.Rd7 Ba8 21.h4 b4 22.Bc4 Rf8
23.Ne2 Rcd8 24.Rcd1 Rxd7 25.Rxd7 Qc5 26.b3 a5 27.Nf4 Kh8 28.Rxf7 Rxf7 29.Nxg6+ hxg6
30.Bxf7  1-0

[Event "TCh-POL Ekstraliga 2013"]
[Site "Katowice POL"]
[Date "2013.09.14"]
[Round "8.2"]
[White "Czarnota,P"]
[Black "Zawadzki,S"]
[Result "0-1"]
[WhiteElo "2538"]
[BlackElo "2432"]

1.c4 c6 2.Nc3 d5 3.e3 Nf6 4.d4 e6 5.Nf3 Nbd7 6.Qc2 Bd6 7.Be2 O-O 8.b3 e5
9.Bb2 e4 10.Nd2 b6 11.cxd5 cxd5 12.Nb5 Be7 13.Qc6 Ba6 14.Nd6 Bxe2 15.Kxe2 g6
16.Ba3 Qb8 17.Rac1 Rd8 18.Rc2 Bf8 19.g4 b5 20.g5 b4 21.Nxf7 Kxf7 22.gxf6 Nxf6
23.Qc7+ Qxc7 24.Rxc7+ Ke6 25.Bb2 Bd6 26.Rcc1 Rf8 27.h3 a5 28.Ra1 Rfc8 29.a4 Rc2
30.Rab1 Rac8 31.Rhf1 R8c7 32.Kd1 R2c6 33.Rc1 Rxc1+ 34.Bxc1 Nh5 35.Rg1 Be7
36.Rg4 Ng7 37.Nf1 Rc3 38.Bb2 Rc8 39.Bc1 Rc3 40.Bb2 Rc8 41.Bc1 Nf5 42.Bd2 Nh4
43.Be1 Rf8 44.f4 Nf5 45.Rg2 g5 46.fxg5 Nxd4 47.exd4 Rxf1 48.Ke2 Rh1 49.g6 hxg6
50.Rxg6+ Kf5 51.Rh6 Rh2+ 52.Kf1 Rb2 53.Rh5+ Kf4 54.Rxd5 e3 55.Rxa5 e2+ 56.Kg1 Rb1
57.Kf2 Bh4+ 58.Kxe2 Bxe1 59.Ra8 Ke4 60.d5 Bg3 61.Re8+ Kxd5 62.Re3 Bf4 63.Rd3+ Ke4
64.Rd7 Rb2+ 65.Kd1 Rxb3 66.Kc2 Rxh3 67.a5 Ra3 68.Rb7 Bd6 69.Rb5 Kd4 70.Kb2 Kc4
71.Rh5 Bc5  0-1

[Event "52nd World Juniors"]
[Site "Kocaeli TUR"]
[Date "2013.09.14"]
[Round "2.21"]
[White "Dimitrov,R"]
[Black "Antal,T"]
[Result "1/2-1/2"]
[WhiteElo "2437"]
[BlackElo "2321"]

1.c4 e6 2.Nc3 d5 3.d4 c6 4.e3 Nf6 5.Nf3 Nbd7 6.Bd3 dxc4 7.Bxc4 b5 8.Bd3 Bb7
9.e4 b4 10.Na4 c5 11.dxc5 Bxe4 12.O-O Bc6 13.Nd4 Bxa4 14.Qxa4 Bxc5 15.Nc6 Qc7
16.Nxb4 O-O 17.Na6 Qb6 18.Bb5 Rfd8 19.Bg5 h6 20.Bh4 Ne5 21.Nxc5 Qxc5 22.Rac1 Qd4
23.Qxd4 Rxd4 24.Bg3 Rb4 25.Ba6 Rb6 26.Bxe5 Rxa6 27.a3 Nd5 28.g3 Rb6 29.Rc5 f6
30.Bd4 Rb3 31.Rfc1 a5 32.Rc8+ Rxc8 33.Rxc8+ Kf7 34.Ra8 Rb5 35.Ra7+ Kg6 36.a4 Rb4
37.Bc5 Rxa4 38.Bf8 Ra1+ 39.Kg2 Rb1 40.Rxg7+ Kf5 41.Rb7 h5 42.Ba3 Nb4 43.Rb5+ e5
44.Rxa5 Nc2 45.Kh3 Nxa3 46.bxa3 Rb2 47.f4 Ke4 48.fxe5 fxe5 49.Ra8 Ke3 50.Rh8 e4
51.Rxh5 Ke2 52.Kg4 e3 53.Re5 Kf2 54.h4 e2 55.h5 Rb3 56.Rxe2+ Kxe2 57.h6 Rxa3
58.h7 Ra8 59.Kf5 Rh8  1/2-1/2

[Event "1st League Cent-SRB 2013"]
[Site "Kragujevac SRB"]
[Date "2013.09.14"]
[Round "1.3"]
[White "Ratkovic,Miloj"]
[Black "Ljubinkovic,M"]
[Result "1-0"]
[WhiteElo "2261"]
[BlackElo "2255"]

1.d4 d5 2.c4 c6 3.Nc3 e6 4.Nf3 Nf6 5.e3 Bd6 6.Qc2 Nbd7 7.Bd3 h6 8.O-O O-O
9.b3 Re8 10.Bb2 a6 11.Rad1 Qe7 12.e4 dxc4 13.bxc4 e5 14.d5 c5 15.Rb1 Nh5
16.Rfe1 Rb8 17.Bf1 Nf8 18.g3 Ng6 19.Nd2 Bd7 20.Qd1 Nf6 21.Ba3 Qd8 22.Qc2 Qc7
23.Bc1 Qc8 24.a4 Qc7 25.Ba3 Rbd8 26.Qb2 Bc8 27.Qb6 Qe7 28.a5 Nd7 29.Qb2 Bc7
30.Nb3 Bd6 31.Na4 Ngf8 32.Qd2 Ng6 33.Qe3 Ngf8 34.Nbxc5 Nxc5 35.Bxc5 Bxc5
36.Qxc5 Qg5 37.Qe3 Qg6 38.Nb6 Bg4 39.f3 Bd7 40.Nxd7 Rxd7 41.Rb6 Qh5 42.Reb1 f5
43.Rxb7 f4 44.gxf4 Rxb7 45.Rxb7 Ng6 46.Qa7 Nh8 47.Rxg7+ Kf8 48.Rg4 Nf7 49.Qc5+ Re7
50.d6 Rd7 51.fxe5 Rxd6 52.Rg3 Qxe5 53.Qxe5 Nxe5 54.f4 Nc6 55.c5 Rd1 56.Rg6 Nxa5
57.Rxa6 Nb3 58.c6 Rc1 59.Kf2 h5 60.Bh3 Ke7 61.e5 Kd8 62.Ra8+ Ke7 63.Ra7+ Kd8
64.Rd7+ Ke8 65.c7 Rc2+ 66.Ke1 Rc1+ 67.Ke2  1-0

[Event "ch-Vienna State 2013"]
[Site "Vienna AUT"]
[Date "2013.09.14"]
[Round "8.4"]
[White "Baumegger,S"]
[Black "Froewis,G"]
[Result "1/2-1/2"]
[WhiteElo "2468"]
[BlackElo "2428"]

1.d4 d5 2.c4 c6 3.Nf3 Nf6 4.Nc3 e6 5.e3 Nbd7 6.Qc2 Bd6 7.Bd3 O-O 8.O-O dxc4
9.Bxc4 a6 10.Rd1 b5 11.Bd3 Qc7 12.a3  1/2-1/2

[Event "31st World Junior Girls"]
[Site "Kocaeli TUR"]
[Date "2013.09.15"]
[Round "3.21"]
[White "Ivana Maria,F"]
[Black "Gueci,Laura"]
[Result "1-0"]
[WhiteElo "2134"]
[BlackElo "1904"]

1.d4 d5 2.Nf3 Nf6 3.c4 c6 4.Nc3 e6 5.e3 Nbd7 6.Qc2 Bd6 7.b3 O-O 8.Bb2 Qe7
9.Be2 a6 10.O-O e5 11.dxe5 Nxe5 12.cxd5 cxd5 13.Rad1 Be6 14.Nxe5 Bxe5 15.f4 Bb8
16.Kh1 Qc7 17.Qd3 Ba7 18.f5 Bd7 19.Nxd5 Nxd5 20.Qxd5 Bc6 21.Qc4 b5 22.Qg4 f6
23.e4 Rae8 24.Bf3 Bb8 25.g3 Qb7 26.Rfe1 Be5 27.Ba3 b4 28.Bc1 Rf7 29.Re3  1-0

[Event "XVII Mercosur Cup 2013"]
[Site "Villa Martelli ARG"]
[Date "2013.09.15"]
[Round "1.4"]
[White "Bachmann,Ax"]
[Black "Valerga,D"]
[Result "1-0"]
[WhiteElo "2543"]
[BlackElo "2490"]

1.d4 d5 2.c4 e6 3.Nf3 Nf6 4.Nc3 c6 5.e3 Nbd7 6.Qc2 Bd6 7.g4 Nxg4 8.Rg1 f5
9.h3 Ngf6 10.Rxg7 Ne4 11.Bd2 Qf6 12.Rg2 Nf8 13.O-O-O Ng6 14.Be2 Bd7 15.Rdg1 O-O-O
16.cxd5 Nxc3 17.Bxc3 exd5 18.Bd3 Rdf8 19.Rg5 Be6 20.Qa4 Kb8 21.Bb4 Qe7 22.Bxd6+ Qxd6
23.h4 f4 24.e4 dxe4 25.Bxe4 Ne7 26.Ne5 f3 27.Rg7 Rf4 28.Re1 Rd8 29.Re3 a6
30.Rxh7 Rg8 31.Nd3 Rg1+ 32.Kd2 Rf1 33.Rh6 Rf7 34.Bxf3 Rxf3 35.Rxf3 Qd5 36.Rf8+ Bc8
37.Qb4 Qe4 38.Qd6+ Ka7 39.Qc5+ Ka8 40.Rhh8 Rd1+ 41.Kxd1 Qxd3+ 42.Kc1  1-0

[Event "52nd World Juniors 2013"]
[Site "Kocaeli TUR"]
[Date "2013.09.17"]
[Round "5.33"]
[White "Fang,Yan"]
[Black "Yargici,M"]
[Result "1-0"]
[WhiteElo "2281"]
[BlackElo "1970"]

1.c4 e6 2.Nc3 d5 3.d4 Nf6 4.Nf3 c6 5.e3 dxc4 6.Bxc4 b5 7.Bd3 a6 8.e4 c5 9.e5 Nd5
10.O-O cxd4 11.Nxd4 Bb7 12.Ne4 Nd7 13.Bg5 Qb6 14.Nf3 Nb4 15.Bb1 Nc5 16.Qe2 Rc8
17.Rc1 Nd5 18.Bd2 a5 19.Nfg5 h6 20.Nxc5 Rxc5 21.Rxc5 Bxc5 22.Ne4 Bd4 23.Nd6+ Ke7
24.Bd3 b4 25.Rf1 Ba8 26.Rc1 Qb8 27.Nc4 Qa7 28.a3 Rc8 29.Rf1 bxa3 30.bxa3 Nc3
31.Qg4 Ne4 32.Be1 Ng5  1-0

[Event "TCh-CRO Ia Liga 2013"]
[Site "Bol CRO"]
[Date "2013.09.18"]
[Round "5.4"]
[White "Saric,A"]
[Black "Rosandic,D"]
[Result "1-0"]
[WhiteElo "2541"]
[BlackElo "2256"]

1.d4 d5 2.c4 e6 3.Nc3 Nf6 4.Nf3 c6 5.e3 Nbd7 6.Qc2 Bd6 7.b3 O-O 8.Be2 e5
9.cxd5 cxd5 10.Nb5 Bb4+ 11.Bd2 Bxd2+ 12.Nxd2 a6 13.dxe5 Nxe5 14.Nd4 Be6 15.O-O Rc8
16.Qb2 Nc6 17.N2f3 Qb6 18.Rac1 Nxd4 19.Nxd4 Rxc1 20.Rxc1 Rc8 21.Rxc8+ Bxc8
22.Qc3 Bd7 23.f3 Ne8 24.a4 g6 25.a5 Qd6 26.b4 Ng7 27.f4 Nf5 28.Bf3 Nxd4 29.Qxd4 Bc6
30.Kf2 Qe6 31.g4 f6 32.h4 h6 33.Qd3 Kg7 34.h5 gxh5 35.gxh5 f5 36.Qd4+ Kh7
37.Qe5 Qf7 38.Be2 Bd7 39.Qc7 Be6 40.Qxf7+ Bxf7 41.b5 axb5 42.Bxb5 Be6 43.Ke2 Kg7
44.Kd3  1-0

[Event "52nd World Juniors 2013"]
[Site "Kocaeli TUR"]
[Date "2013.09.18"]
[Round "6.34"]
[White "Temizkan,D"]
[Black "Antal,T"]
[Result "0-1"]
[WhiteElo "1921"]
[BlackElo "2321"]

1.d4 Nf6 2.c4 e6 3.Nf3 d5 4.Nc3 c6 5.e3 Nbd7 6.Qc2 Bd6 7.Be2 dxc4 8.Bxc4 b5
9.Bd3 Bb7 10.e4 b4 11.Na4 Be7 12.O-O Rc8 13.Rd1 Qa5 14.Be3 c5 15.Nxc5 Nxc5
16.dxc5 Bxc5 17.Bxc5 Rxc5 18.Qe2 O-O 19.Nd2 Qc7 20.Nb3 Rh5 21.g3 g6 22.f3 Qb6+
23.Kg2 a5 24.Nd2 Rc5 25.Nc4 Qc7 26.b3 Nd7 27.Rd2 Ba6 28.Ne3 Bxd3 29.Qxd3 Ne5
30.Qe2 Rc3 31.f4 Qc5 32.Re1 Nc6 33.Ng4 Nd4 34.Qf2 Nf3 35.Nf6+ Kg7 36.Nd7 Qxf2+
37.Kxf2 Nxd2  0-1

[Event "52nd World Juniors 2013"]
[Site "Kocaeli TUR"]
[Date "2013.09.19"]
[Round "7.9"]
[White "Vidit,S"]
[Black "Dastan,B"]
[Result "1-0"]
[WhiteElo "2565"]
[BlackElo "2455"]

1.d4 d5 2.c4 c6 3.Nc3 Nf6 4.e3 e6 5.Nf3 Nbd7 6.Qc2 Bd6 7.Bd3 O-O 8.O-O dxc4
9.Bxc4 b5 10.Be2 Bb7 11.e4 e5 12.dxe5 Nxe5 13.Nh4 b4 14.Nf5 bxc3 15.Rd1 Ne8
16.Qxc3 Qf6 17.f4 Bc7 18.fxe5 Qxe5 19.Qxe5 Bxe5 20.Be3 Nf6 21.Rac1 Rfe8 22.Bf3 c5
23.Bxc5 Bxe4 24.Ne7+ Kh8 25.b4 a6 26.a4 g5 27.Re1 Bxf3 28.Rxe5 Nd7 29.Bd4 f6
30.Re6 Bg4 31.Rxf6 Kg7 32.Rff1+ Kh6 33.Rc6+ Kh5 34.Bg7  1-0

[Event "TCh-CRO 2a Liga 2013"]
[Site "Bol CRO"]
[Date "2013.09.20"]
[Round "7.1"]
[White "Ramesa,D"]
[Black "Ivankovic,I"]
[Result "1/2-1/2"]
[WhiteElo "2297"]
[BlackElo "2156"]

1.Nf3 Nf6 2.c4 c6 3.d4 d5 4.Nc3 e6 5.e3 Nbd7 6.Qc2 Bd6 7.Bd3 O-O 8.O-O h6
9.e4 dxc4 10.Bxc4 e5 11.d5 Nb6 12.Bb3 cxd5 13.exd5 Bg4 14.Be3 Rc8 15.Bxb6 Qxb6
16.Nd2 Qd4 17.Nde4 Nxe4 18.Qxe4 Qxe4 19.Nxe4 Bb8 20.f3 Bd7  1/2-1/2

[Event "1st League Cent-SRB 2013"]
[Site "Kragujevac SRB"]
[Date "2013.09.20"]
[Round "9.2"]
[White "Parligras,M"]
[Black "Musovic,S"]
[Result "1-0"]
[WhiteElo "2560"]
[BlackElo "2093"]

1.d4 d5 2.c4 c6 3.Nf3 Nf6 4.e3 e6 5.Nc3 Bb4 6.Bd3 dxc4 7.Bxc4 c5 8.O-O O-O
9.Qe2 cxd4 10.exd4 Bxc3 11.bxc3 Qc7 12.Bb2 b6 13.Bd3 Nbd7 14.c4 Bb7 15.Rfd1 Rfe8
16.a4 Qf4 17.Qe3 Qxe3 18.fxe3 Be4 19.Be2 a5 20.Bc3 Rac8 21.Ra3 Bb7 22.Rb1 Ba6
23.Nd2 Nd5 24.Bb2 f5 25.Rb3 g5 26.Bh5 Re7 27.cxd5 exd5 28.Ba3 Rg7 29.Bf3 Bb7
30.Rc1 Rxc1+ 31.Bxc1 Bc6  1-0

[Event "52nd World Juniors 2013"]
[Site "Kocaeli TUR"]
[Date "2013.09.21"]
[Round "8.45"]
[White "Temizkan,D"]
[Black "Neves,P"]
[Result "1/2-1/2"]
[WhiteElo "1921"]
[BlackElo "2212"]

1.d4 Nf6 2.c4 e6 3.Nf3 d5 4.Nc3 c6 5.e3 a6 6.Qc2 dxc4 7.Bxc4 b5 8.Be2 Nbd7
9.O-O Bb7 10.Rd1 Qc7 11.Bd2 Rc8 12.Rac1 Qb8 13.Qb1 c5 14.h3 Bd6 15.Be1 O-O
16.dxc5 Nxc5 17.b4 Nce4 18.Nxe4 Bxe4 19.Qb2 Nd5 20.Ng5 Bg6 21.Bf3 Be5 22.Qb3 Nf6
23.Be2 h6 24.Nf3 Be4 25.a4 Bd5 26.Qa3 Bc4 27.Bxc4 Rxc4 28.Rxc4 bxc4 29.Nxe5 Qxe5
30.Bc3 Qf5 31.Bxf6 gxf6 32.Qc3 Rc8 33.Rd4 Qe5 34.f4 Qc7 35.Rd2 Kg7 36.g4 e5
37.fxe5 Qxe5 38.Qxe5 fxe5 39.Rc2 Kf6 40.Kf2 e4 41.Ke2 c3 42.b5 axb5 43.axb5 Kg5
44.Kf2 Kh4 45.Kg2 Rc5 46.b6 Rb5 47.Rxc3 Rb2+ 48.Kf1 Rxb6 49.Rc4 Kxh3 50.Rxe4 Re6
51.Rf4 Rxe3 52.Rxf7 Kxg4 53.Kg2 Re2+ 54.Rf2 Re4 55.Rf8 h5 56.Rg8+ Kh4 57.Kh2 Re2+
58.Rg2 Re3 59.Rg8 Ra3 60.Rg7 Ra4 61.Rg8 Rg4 62.Rxg4+ hxg4 63.Kg2 Kh5 64.Kg3 Kg5
65.Kg2 Kf4  1/2-1/2

[Event "52nd World Juniors 2013"]
[Site "Kocaeli TUR"]
[Date "2013.09.21"]
[Round "8.26"]
[White "Ozdover,M"]
[Black "Ali Marandi,C"]
[Result "1/2-1/2"]
[WhiteElo "2005"]
[BlackElo "2403"]

1.d4 d5 2.c4 c6 3.Nf3 Nf6 4.Nc3 e6 5.e3 Nbd7 6.Qc2 Bd6 7.g4 dxc4 8.g5 Nd5
9.Bxc4 e5 10.Bd2 O-O 11.Ne4 Bc7 12.O-O-O Re8 13.Rhg1 exd4 14.exd4 Nf8 15.h4 Bf5
16.Nf6+ Nxf6 17.Qxf5 Nd5 18.Ne5 Bxe5 19.dxe5 Qe7 20.f4 Ne6 21.Kb1 Rad8 22.h5 Nb6
23.Bd3 Nf8 24.Qe4 Rd7 25.Bc1 Rd5 26.Bc2 Red8 27.Bb3 Rxd1 28.Rxd1 Rxd1 29.Bxd1 Qd7
30.Bb3 g6 31.hxg6 hxg6 32.a3 Ne6 33.Bc2 Nd4 34.Bd1 Ne6 35.Bc2 Nd4 36.Bd1 Qd5
37.Qxd5 Nxd5 38.Bg4 Kf8 39.Ka2 Ke7 40.Bd2 b6 41.b4 c5 42.bxc5 bxc5 43.Kb2 c4
44.a4 Ke8 45.Bc3 Ne6 46.f5 Nc5 47.fxg6 Nxa4+ 48.Kc2 fxg6 49.Bd4 Nb4+ 50.Kd2 Nc6
51.Bd1 Nxd4 52.Bxa4+ Ke7 53.Kc3 Nf3 54.Kxc4 Nxg5 55.Bc2 Kf7 56.Kb5 Ne6 57.Bxg6+ Kxg6
58.Ka6  1/2-1/2

[Event "XXI Vallfogona Rapid Open"]
[Site "Vallfogona de Balaguer ESP"]
[Date "2013.09.21"]
[Round "5.5"]
[White "Narciso Dublan,M"]
[Black "Bru Rullo,L"]
[Result "1/2-1/2"]
[WhiteElo "2509"]
[BlackElo "2151"]

1.d4 d5 2.c4 e6 3.Nc3 c6 4.e3 Nf6 5.Nf3 Nbd7 6.b3 Bd6 7.Be2 O-O 8.O-O b6
9.Bb2 Bb7 10.Bd3 Qe7 11.Re1 Rfe8 12.e4 dxe4 13.Nxe4 Nxe4 14.Bxe4 Nf6 15.Bc2 Ba3
16.Bc3 Bb4 17.Qd2 a5 18.Re3 Qd6 19.Rd1 c5 20.Bxb4 axb4 21.dxc5 Qxd2 22.Rxd2 bxc5
23.Ne5 Kf8 24.Bb1 Ke7 25.f3 Red8 26.Red3 Rxd3 27.Rxd3 Ra6 28.Kf2 Bc6 29.Rd2 g6
30.g4 Nd7 31.Nd3 Bb7 32.h4 e5 33.Re2 Re6 34.Re1 f5 35.gxf5 gxf5 36.Rg1 Kf7
37.Rd1 Ke7 38.Rg1 Kf7 39.Rd1  1/2-1/2

[Event "TCh-BEL 2013-14"]
[Site "Belgium BEL"]
[Date "2013.09.22"]
[Round "1.7"]
[White "Goormachtigh,J"]
[Black "Marville,G"]
[Result "1/2-1/2"]
[WhiteElo "2174"]
[BlackElo "2089"]

1.d4 d5 2.Nf3 Nf6 3.c4 e6 4.Nc3 c6 5.e3 Nbd7 6.Bd3 Bb4 7.O-O O-O 8.a3 Bd6
9.e4 dxe4 10.Nxe4 Nxe4 11.Bxe4 e5 12.dxe5 Nxe5 13.Nxe5 Bxe5 14.Bxh7+ Kxh7
15.Qh5+ Kg8 16.Qxe5 Qd3 17.c5 Be6 18.Bf4 Rad8 19.Rac1 Rd5 20.Qe3 Rfd8 21.Qxd3 Rxd3
22.Rfe1 R8d4 23.Be3 Rd5 24.Rc3 Rxc3 25.bxc3 Rd3 26.Bd4 Kf8 27.h4 Bb3 28.Kh2 Rd1
29.Rxd1 Bxd1 30.Kg3 f6 31.Kf4 Bc2 32.g4 Kf7 33.g5 fxg5+ 34.hxg5 g6 35.Ke5 Ke7
36.f4 Bf5 37.c4 Bd3 38.Bc3 Bc2 39.Ba5 Bd3 40.Bc7 Bf5 41.Bb8 a6  1/2-1/2

[Event "TCh-BEL 2013-14"]
[Site "Belgium BEL"]
[Date "2013.09.22"]
[Round "1.1"]
[White "Michiels,B"]
[Black "Hovhanisian,M"]
[Result "1/2-1/2"]
[WhiteElo "2505"]
[BlackElo "2505"]

1.d4 d5 2.c4 c6 3.Nf3 Nf6 4.e3 e6 5.Nc3 Nbd7 6.Qc2 Bd6 7.Bd3 dxc4 8.Bxc4 O-O
9.O-O e5 10.Bb3 Qe7 11.h3 Bc7 12.Rd1 exd4 13.exd4 Nb6 14.Bg5 Be6 15.Re1 Bxb3
16.Rxe7 Bxc2 17.Rxc7 Rab8 18.Bxf6 gxf6 19.d5 cxd5 20.Nxd5 Nxd5 21.Rxc2 Nb4
22.Rc4 a5 23.a3 Nd3 24.Rg4+ Kh8 25.Rd4 Nc5 26.Rd5 b6 27.b4 axb4 28.axb4 Ne4
29.Ra7 Ra8 30.Rdd7 Rxa7 31.Rxa7 Rc8 32.Rb7 Rc1+ 33.Kh2 Nxf2 34.Rxb6 Kg7 35.Nh4 h5
36.b5 Ne4 37.Rb8 Nd6 38.Rb6 Ne4 39.Rb8 Nd6 40.b6 Rb1 41.g4 hxg4 42.hxg4 Kh7
43.Nf5 Nxf5 44.gxf5 Rb3 45.Kg2 Kh6 46.b7 Kg7 47.Kf2 Rb2+ 48.Ke3 Rb3+ 49.Kd4 Rb1
50.Kc3 Rb6 51.Kc4 Rb1 52.Kc5 Rc1+ 53.Kd6 Rd1+ 54.Kc7 Rc1+ 55.Kd6 Rd1+  1/2-1/2

[Event "Dnipropetrovsk A 2013"]
[Site "Dnipropetrovsk UKR"]
[Date "2013.09.22"]
[Round "9.5"]
[White "Eidelson,R"]
[Black "Doluhanova,E"]
[Result "1/2-1/2"]
[WhiteElo "2177"]
[BlackElo "2323"]

1.d4 d5 2.c4 e6 3.Nc3 c6 4.e3 Nf6 5.Nf3 Nbd7 6.Bd3 Bd6 7.O-O O-O 8.e4 dxc4
9.Bxc4 e5 10.Be2 Qe7 11.d5 h6 12.dxc6 bxc6 13.Nd2 Nc5 14.Nc4 Bc7 15.Ne3 Ncxe4
16.Nxe4 Nxe4 17.Qc2 Nf6 18.Qxc6 Rb8 19.b3 Bb6 20.Bb2 Rd8 21.Qc2 Bd4 22.Bc4 Be6
23.Rfe1 Rbc8 24.Qe2 Bxe3 25.Qxe3 Bxc4 26.bxc4 Rxc4 27.h3 Re4 28.Qg3 Rd5 29.Rxe4 Nxe4
30.Qf3 Qb4 31.Rc1 Rd8 32.Bxe5 Ng5 33.Qe3 Re8 34.Qd4  1/2-1/2

[Event "52nd World Juniors 2013"]
[Site "Kocaeli TUR"]
[Date "2013.09.22"]
[Round "9.20"]
[White "De Filomeno,S"]
[Black "Baghdasaryan,V"]
[Result "1-0"]
[WhiteElo "2392"]
[BlackElo "2423"]

1.d4 d5 2.c4 e6 3.Nf3 c6 4.Nc3 Nf6 5.e3 Nbd7 6.Bd3 Bd6 7.e4 dxe4 8.Nxe4 Nxe4
9.Bxe4 e5 10.O-O exd4 11.Qxd4 Qf6 12.Rd1 Bc7 13.Qe3 O-O 14.Re1 h6 15.Bc2 Rd8
16.Rb1 Nf8 17.b4 Be6 18.Bb2 Qf4 19.Qc3 f6 20.Re4 Qd6 21.Rbe1 Re8 22.Rd1 Qe7
23.Nd4 Qd6 24.g3 Bh3 25.Rh4 Qd7 26.Qf3 Ne6 27.Nxe6 Qxe6 28.Rxh3 Rad8 29.Rxd8 Rxd8
30.Rh4 Rd2 31.Re4 Qh3 32.Re2  1-0

[Event "52nd World Juniors 2013"]
[Site "Kocaeli TUR"]
[Date "2013.09.22"]
[Round "9.35"]
[White "Lozhnikov,V"]
[Black "Zhanbai Uulu,Zhokhar"]
[Result "1-0"]
[WhiteElo "2339"]
[BlackElo "1843"]

1.d4 d5 2.c4 c6 3.Nf3 Nf6 4.e3 e6 5.Nc3 Nbd7 6.Bd3 Be7 7.O-O a6 8.e4 dxe4
9.Nxe4 c5 10.Be3 Qc7 11.Rc1 b6 12.Bg5 Bb7 13.d5 exd5 14.cxd5 Bxd5 15.Nxf6+ gxf6
16.Bh4 Ne5 17.Nxe5 fxe5 18.Bg3 Be6 19.Re1 Bd6 20.Qh5 O-O-O 21.Bxa6+ Kb8 22.b4 f6
23.bxc5 Bxc5 24.Qf3 Rhf8 25.Rxc5 Qa7 26.Rcxe5  1-0

[Event "TCh-Moscow GpA 2013"]
[Site "Moscow RUS"]
[Date "2013.09.22"]
[Round "3.4"]
[White "Mesropov,K"]
[Black "Paravyan,D"]
[Result "1/2-1/2"]
[WhiteElo "2429"]
[BlackElo "2444"]

1.d4 Nf6 2.c4 e6 3.Nf3 d5 4.Nc3 c6 5.e3 Nbd7 6.a3 Bd6 7.b4 Qe7 8.Bb2 O-O
9.Qc2 Re8 10.h3 b6 11.Be2 dxc4 12.Bxc4 a5 13.b5 Bb7 14.e4 c5 15.e5 Bxf3 16.exf6 Qxf6
17.gxf3 cxd4 18.Ne4 Qxf3 19.Rg1 Bh2 20.Be2 Qxh3 21.Rg5 Rec8 22.Qd2 e5 23.Bg4 Qh4
24.Qe2 Bf4 25.Rh5 Qe7 26.Qd3 g6 27.Bxd7 gxh5 28.Bxc8 Rxc8 29.Ke2 Qe6 30.Rg1+ Kh8
31.Kf1 f5 32.Ng5 Qf6 33.Nf3 Bc1 34.Ba1 Bf4 35.Bb2 Bc1 36.Ba1 Bf4 37.Ke2 Rd8
38.Qc4 d3+ 39.Kd1 Rf8 40.Rg8+ Rxg8 41.Qxf4 Rg4 42.Qxg4 fxg4 43.Bxe5 Kg7 44.Bxf6+ Kxf6
45.Nh2 Ke5 46.Kd2 Ke4 47.a4 h4 48.Nxg4 Kf3 49.Ne5+ Kxf2 50.Nxd3+ Kg2 51.Ke2 h3
52.Nf2 h5 53.Ke3 h2 54.Nh1 h4 55.Ke2 h3 56.Ke3 Kf1 57.Kf3 Ke1 58.Ke4  1/2-1/2

[Event "63rd TCh-BUL GpB 2013"]
[Site "Sunny Beach BUL"]
[Date "2013.09.22"]
[Round "5.5"]
[White "Krastanov,G"]
[Black "Vasilev,D"]
[Result "1/2-1/2"]
[WhiteElo "2068"]
[BlackElo "1807"]

1.d4 Nf6 2.Nf3 e6 3.c4 d5 4.Nc3 c6 5.e3 Nbd7 6.Qc2 Be7 7.b3 O-O 8.Be2 Re8
9.Bb2 Bd6 10.O-O Qe7 11.e4 dxe4 12.Nxe4 Nxe4 13.Qxe4 e5 14.dxe5 Nxe5 15.Nxe5 Bxe5
16.Bxe5 Qxe5 17.Qxe5 Rxe5 18.Rfd1 Bf5 19.Bf3 Rae8 20.Kf1 Kf8 21.Rd2 g6 22.Rad1 h5
23.h4 Be4 24.Bxe4 Rxe4 25.Rd7 R4e7 26.R7d2 Re4 27.g3 R4e7 28.Rd8 Rxd8 29.Rxd8+ Re8
30.Rxe8+ Kxe8  1/2-1/2